[Event "Santa Cruz op 5th"]
[Site "Santa Cruz"]
[Date "2023.02.17"]
[Round "4"]
[White "Correa Estrada, Luis Eduardo"]
[Black "Soliz Colque, Pablo Andre"]
[Result "0-1"]
[WhiteElo "1002"]
[BlackElo "1404"]
[PlyCount "102"]
[EventDate "2023.02.16"]
[EventType "swiss"]
[EventRounds "7"]
[EventCountry "BOL"]
[SourceTitle "CBM 212 Extra"]
[Source "ChessBase"]
[SourceDate "2023.03.31"]
[SourceVersion "1"]
[SourceVersionDate "2023.03.31"]
[SourceQuality "1"]

1. d4 c5 2. Nf3 cxd4 3. Nxd4 Nc6 4. Nxc6 bxc6 5. Bf4 g6 6. e3 Bg7 7. c3 Nf6 8. Nd2 0-0 9. Bd3 Bb7 10. Nf3 d6 11. Nd2 Re8 12. h3 c5 13. 0-0 e5 14. Bh2 d5 15. Bb5 Re6 16. Nb3 Qb6 17. Be2 h5 18. Rb1 Rae8 19. a4 c4 20. Nd2 Nh7 21. Nf3 Rd8 22. Bg3 e4 23. Nd4 Bxd4 24. cxd4 a5 25. Qc2 Rc8 26. b3 c3 27. Bb5 Nf6 28. b4 axb4 29. Rxb4 Ba6 30. Bxa6 Qxa6 31. Rc1 Rec6 32. Rd1 Nd7 33. Kh2 Nb6 34. Ra1 Qd3 35. Rc1 Ra8 36. Rb3 Nxa4 37. Rb8+ Rxb8 38. Bxb8 Rc4 39. Be5 Qxc2 40. Rxc2 Nb2 41. Kg3 Nd3 42. Bf6 Nb4 43. Rc1 c2 44. Ra1 c1Q 45. Ra8+ Rc8 46. Ra4 Nd3 47. Kh2 Nxf2 48. Bh4 Qxe3 49. Ra2 Rc1 50. g3 Rh1+ 51. Kg2 Qf3# 0-1